[Event "32.Schlosspark-Open"]
[Site "Wiesbaden-Biebrich"]
[Date "2023.08.26"]
[Round "5.63"]
[White "Sefeloge, Michael"]
[Black "Mehlen, Theodor"]
[Result "0-1"]
[WhiteElo "1625"]
[BlackElo "1801"]
[PlyCount "70"]
[EventDate "2023.??.??"]
[WhiteTeam "SV Turm Lahnstein"]
[BlackTeam "SC Matt im Park Ffm"]

1. d4 d5 2. Nf3 Nf6 3. e3 e6 4. Nbd2 Bd6 5. c4 O-O 6. Bd3 b6 7. Qc2 Bb7 8. O-O Nbd7 9. b3 h6 10. Bb2 c5 11. cxd5 exd5 12. dxc5 Nxc5 13. Be2 Nce4 14. Bd4 Bc5 15. Qb2 Bxd4 16. Nxd4 Rc8 17. f3 Nc5 18. Rac1 Qe7 19. Rc3 Ne6 20. Nf5 Qd8 21. Rxc8 Bxc8 22. Rc1 Nc5 23. Qc2 Re8 24. Nf1 Bxf5 25. Qxf5 d4 26. b4 Ne6 27. Bb5 Re7 28. Ba6 Qd6 29. Qb5 dxe3 30. Rc8+ Nf8 31. Rc2 Nd5 32. Qd3 Qe5 33. a3 Nf4 34. Qe4 Qg5 35. Qd4 e2 0-1

[Event "32.Schlosspark-Open"]
[Site "Wiesbaden-Biebrich"]
[Date "2023.08.26"]
[Round "5.64"]
[White "Meyer-Jany, Marcel"]
[Black "Vick, Edward"]
[Result "1/2-1/2"]
[WhiteElo "1743"]
[BlackElo "1341"]
[PlyCount "102"]
[EventDate "2023.??.??"]
[WhiteTeam "SK Herborn 1946"]
[BlackTeam "TuS Makkabi Wiesbaden"]

1. d4 d5 2. c4 e6 3. Nc3 Nf6 4. cxd5 exd5 5. Bg5 c6 6. e3 Be7 7. Qc2 Nbd7 8. Bd3 c5 9. Nf3 c4 10. Be2 a6 11. O-O b5 12. e4 dxe4 13. Nxe4 Bb7 14. Nxf6+ Bxf6 15. Bxf6 Nxf6 16. b3 cxb3 17. Qxb3 O-O 18. a4 Bxf3 19. Bxf3 Rb8 20. axb5 axb5 21. Qb4 Qd7 22. Rfc1 Rfd8 23. Rd1 Nd5 24. Qc5 Qd6 25. Ra5 Qb6 26. Qxb6 Nxb6 27. Rxb5 Nd7 28. Rdb1 Rxb5 29. Rxb5 Nf6 30. Ra5 Ne8 31. Ra8 Rxa8 32. Bxa8 Nd6 33. Kf1 Nb5 34. d5 Kf8 35. Ke2 Ke7 36. Kd3 Kd6 37. Bc6 Nc7 38. Ke4 g6 39. g4 f6 40. h4 Na6 41. f4 Nc5+ 42. Kd4 f5 43. h5 fxg4 44. hxg6 hxg6 45. Ke3 Na6 46. Kf2 Nc7 47. Kg3 Nxd5 48. Bxd5 Kxd5 49. Kxg4 Ke4 50. Kg5 Kf3 51. Kxg6 Kxf4 1/2-1/2

[Event "32.Schlosspark-Open"]
[Site "Wiesbaden-Biebrich"]
[Date "2023.08.26"]
[Round "5.65"]
[White "Zeyen, Helmut"]
[Black "Shanawaz Thabrez, Shahzaib"]
[Result "0-1"]
[WhiteElo "1799"]
[BlackElo "1312"]
[PlyCount "110"]
[EventDate "2023.??.??"]
[WhiteTeam "Wiesbadener SV 1885"]
[BlackTeam "SK Langen"]

1. e4 e5 2. Nf3 Nc6 3. Nc3 Nf6 4. a3 d5 5. exd5 Nxd5 6. Bb5 Nf4 7. O-O Bd6 8. d3 O-O 9. Ne4 Ne7 10. d4 exd4 11. Nxd6 Qxd6 12. Bxf4 Qxf4 13. Qxd4 Ng6 14. Qxf4 Nxf4 15. Rfe1 Bf5 16. g3 Ne6 17. c3 c6 18. Bc4 Rad8 19. Kg2 b5 20. Bf1 Rd6 21. h3 Rfd8 22. g4 Bg6 23. Kg3 h5 24. Nh4 Bd3 25. Nf5 R6d7 26. Bxd3 Rxd3+ 27. Re3 hxg4 28. Ne7+ Kf8 29. Nxc6 Rxe3+ 30. fxe3 Rd3 31. hxg4 Rxe3+ 32. Kf2 Rh3 33. Rb1 a6 34. Nb4 Nc5 35. Nd5 g6 36. Kg2 Rd3 37. Nf4 Rd2+ 38. Kf3 Na4 39. Ke3 Rh2 40. Nd3 Rh3+ 41. Ke2 Rg3 42. Rc1 Rxg4 43. b3 Nb6 44. Nc5 a5 45. Kf3 f5 46. Ne6+ Ke7 47. Nd4 a4 48. b4 Nc4 49. Nxb5 Ne5+ 50. Ke3 Nc4+ 51. Kd3 Re4 52. Nd4 Ne5+ 53. Kd2 f4 54. Nc2 g5 55. Re1 Nf3+ 0-1

[Event "32.Schlosspark-Open"]
[Site "Wiesbaden-Biebrich"]
[Date "2023.08.26"]
[Round "5.66"]
[White "Gerber, Ingo"]
[Black "Schmitt, Clemens"]
[Result "1/2-1/2"]
[WhiteElo "1533"]
[BlackElo "1798"]
[PlyCount "120"]
[EventDate "2023.??.??"]
[WhiteTeam "Sfr.Mainz 1928"]
[BlackTeam "SV Bergwinkel"]

1. d4 Nf6 2. Nf3 g6 3. Bf4 Bg7 4. e3 d6 5. h3 O-O 6. Bc4 c5 7. c3 Qa5 8. O-O b5 9. Be2 b4 10. cxb4 Qxb4 11. Qd2 Qb6 12. dxc5 Qxc5 13. Nc3 a5 14. Rac1 Qb4 15. a3 Qb3 16. Nd4 Qb6 17. Na4 Qd8 18. Rxc8 Qxc8 19. Nb6 Qb7 20. Nxa8 Qxa8 21. Bf3 Qa6 22. Bg5 h6 23. Bh4 g5 24. Bg3 Nfd7 25. Nf5 Re8 26. Nxg7 Kxg7 27. Qc3+ Kg8 28. Rc1 Nc5 29. b4 axb4 30. axb4 Ne6 31. h4 gxh4 32. Bxh4 Ng5 33. Bh5 Qb5 34. Qc4 Nh3+ 35. gxh3 Qxh5 36. Kh2 Nd7 37. Rg1+ Kf8 38. Qd4 Ne5 39. Rg3 Rc8 40. Qe4 f6 41. Qh7 Ke8 42. Bxf6 Nf7 43. Rg8+ Kd7 44. Rxc8 Kxc8 45. Qg8+ Kc7 46. Qf8 exf6 47. Qe7+ Kb6 48. Qxf6 Qe5+ 49. Qxe5 dxe5 50. Kg3 Kb5 51. h4 h5 52. e4 Nd6 53. f4 Nxe4+ 54. Kf3 Nd2+ 55. Ke3 Nf1+ 56. Ke4 exf4 57. Kxf4 Kxb4 58. Kg5 Ng3 59. Kf4 Ne2+ 60. Kg5 Ng3 1/2-1/2

[Event "32.Schlosspark-Open"]
[Site "Wiesbaden-Biebrich"]
[Date "2023.08.26"]
[Round "5.67"]
[White "Meaubert, Thomas"]
[Black "Traut, Stefan"]
[Result "1/2-1/2"]
[WhiteElo "1788"]
[BlackElo "1543"]
[PlyCount "48"]
[EventDate "2023.??.??"]
[WhiteTeam "SC Flörsheim 1921"]
[BlackTeam "SF Heusenstamm"]

1. d4 Nf6 2. Nf3 c5 3. e3 cxd4 4. exd4 g6 5. Nc3 Bg7 6. Bf4 d6 7. Bd3 O-O 8. h3 Nbd7 9. Qd2 a6 10. O-O b5 11. Rfe1 Bb7 12. Ne4 Rc8 13. c3 Re8 14. a4 Bc6 15. axb5 Bxb5 16. Bxb5 axb5 17. Qd3 Qb6 18. Ned2 d5 19. Ne5 e6 20. Ndf3 Ra8 21. g4 Nxe5 22. Nxe5 Ne4 23. f3 Nf6 24. Bg5 Qb7 1/2-1/2

[Event "32.Schlosspark-Open"]
[Site "Wiesbaden-Biebrich"]
[Date "2023.08.26"]
[Round "5.68"]
[White "Frömbgen, Andreas"]
[Black "Schmitz, Bernhard Hubert"]
[Result "1-0"]
[WhiteElo "1776"]
[BlackElo "1387"]
[PlyCount "51"]
[EventDate "2023.??.??"]
[WhiteTeam "SK Gau-Algesheim"]
[BlackTeam "Vorw.Orient Mainz"]

1. c4 c6 2. g3 g6 3. Bg2 d5 4. Nf3 Bg7 5. cxd5 cxd5 6. d4 Nc6 7. e3 Nf6 8. Nc3 O-O 9. O-O Re8 10. Ne5 e6 11. f4 Nd7 12. Nd3 Nb6 13. Bd2 Rb8 14. b3 f6 15. Rc1 e5 16. dxe5 Bf5 17. Nf2 fxe5 18. g4 Bc8 19. Ne2 e4 20. Bc3 Bxc3 21. Nxc3 Be6 22. Nb5 a6 23. Nd4 Nxd4 24. Qxd4 Qd6 25. Nxe4 Qd8 26. Nf6+ 1-0

[Event "32.Schlosspark-Open"]
[Site "Wiesbaden-Biebrich"]
[Date "2023.08.26"]
[Round "5.69"]
[White "Meding, Olaf"]
[Black "Papadopoulos, Kyriakos"]
[Result "1-0"]
[WhiteElo "1770"]
[BlackElo "1411"]
[PlyCount "73"]
[EventDate "2023.??.??"]
[WhiteTeam "Sfr.Mainz 1928"]
[BlackTeam "VSG 1880 Offenbach"]

1. d4 d5 2. Bf4 Nf6 3. e3 e6 4. Nd2 c5 5. c3 Nc6 6. Bd3 h6 7. Ngf3 cxd4 8. exd4 Bd6 9. Bg3 O-O 10. O-O Re8 11. Ne5 Bxe5 12. dxe5 Nd7 13. Nf3 Qc7 14. Qe2 Qb6 15. Rad1 a5 16. Bb1 Qc7 17. Rfe1 b6 18. Nh4 Ba6 19. Qh5 Nf8 20. Re3 Ra7 21. Bf4 Re7 22. Rg3 Ng6 23. Nxg6 fxg6 24. Qxg6 Kf8 25. Qh7 Ke8 26. Qg8+ Kd7 27. Rxd5+ exd5 28. Bf5+ Re6 29. Rxg7+ Ne7 30. Bxe6+ Kc6 31. Qe8+ Kc5 32. Be3+ Kc4 33. Rg4+ Kd3 34. Rd4+ Kc2 35. Qa4+ Kb1 36. Rd1+ Kxb2 37. Qb3# 1-0

[Event "32.Schlosspark-Open"]
[Site "Wiesbaden-Biebrich"]
[Date "2023.08.26"]
[Round "5.70"]
[White "Gerhard, Dominik"]
[Black "Moissl, Felix"]
[Result "1-0"]
[WhiteElo "1628"]
[BlackElo "1347"]
[PlyCount "107"]
[EventDate "2023.??.??"]
[WhiteTeam "SV Oberursel"]
[BlackTeam "SJ Herborn 1998"]

1. c4 c5 2. Nf3 Nc6 3. d4 cxd4 4. Nxd4 e5 5. Nb5 a6 6. Nd6+ Bxd6 7. Qxd6 Qe7 8. Qxe7+ Ngxe7 9. e4 O-O 10. a3 Nd4 11. Kd1 Nec6 12. Nc3 d6 13. Be3 Be6 14. Bd3 Na5 15. Bxd4 exd4 16. Nd5 Bxd5 17. cxd5 Nb3 18. Rb1 Rfe8 19. f3 Rac8 20. Bc2 Nc5 21. Kd2 Nd7 22. Bd3 Ne5 23. Rhc1 Kf8 24. Be2 g5 25. Rxc8 Rxc8 26. Rh1 Kg7 27. h4 h6 28. hxg5 hxg5 29. g3 f6 30. Rh2 Rh8 31. Rxh8 Kxh8 32. f4 gxf4 33. gxf4 Ng6 34. Bg4 a5 35. Kd3 Nxf4+ 36. Kxd4 Ng6 37. Bc8 b6 38. Kc4 Ne5+ 39. Kb5 Kg7 40. Kxb6 Nc4+ 41. Kb5 Nxb2 42. Kxa5 Nc4+ 43. Kb4 Nxa3 44. Kxa3 Kf8 45. Kb4 Ke7 46. Bf5 Kd8 47. Kb5 Kc7 48. Be6 Kb7 49. Kc4 Kc7 50. Kd3 Kd8 51. Ke3 Ke7 52. Kf4 Kf8 53. Kg4 Kg7 54. Kf5 1-0

[Event "32.Schlosspark-Open"]
[Site "Wiesbaden-Biebrich"]
[Date "2023.08.26"]
[Round "5.71"]
[White "Brauch, Manfred"]
[Black "Chen, Lilly"]
[Result "1-0"]
[WhiteElo "1750"]
[BlackElo "920"]
[PlyCount "111"]
[EventDate "2023.??.??"]
[WhiteTeam "SG Pieroth/Burg Layen"]
[BlackTeam "Sfr Stiller Zug Wiesbaden"]

1. d4 d6 2. Nf3 g6 3. e3 Bg7 4. c3 a6 5. Nbd2 e6 6. a4 Nd7 7. Bd3 Ne7 8. Nf1 O-O 9. Ng3 b6 10. O-O Bb7 11. Qe2 h6 12. h3 Kh7 13. Nh5 Kg8 14. Nxg7 Kxg7 15. b3 c5 16. Bb2 cxd4 17. cxd4 Kh7 18. Rac1 Nf6 19. Nd2 d5 20. Rc3 Ne4 21. Nxe4 dxe4 22. Bb1 a5 23. Rfc1 f5 24. Rc7 Ba6 25. Qd2 Rc8 26. Rxc8 Bxc8 27. Ba3 Rf7 28. Ba2 Ba6 29. b4 axb4 30. Bxb4 Nd5 31. Ba3 b5 32. axb5 Bxb5 33. Bc5 h5 34. Bb3 Kh6 35. Ra1 Rg7 36. Qb2 Rb7 37. Qa3 Qe8 38. Bf8+ Kh7 39. Bxd5 exd5 40. Rc1 Kg8 41. Bc5 Bc4 42. Bd6 Rb3 43. Qa7 Qc8 44. Qe7 Rb7 45. Qf6 Kh7 46. Be5 Qg8 47. Ra1 Qf7 48. Qg5 Rd7 49. Ra8 Qg8 50. Rxg8 Kxg8 51. Qxg6+ Kf8 52. Qxh5 Rf7 53. Qg6 Ke8 54. h4 Ke7 55. Bd6+ Ke8 56. Qe6+ 1-0

[Event "32.Schlosspark-Open"]
[Site "Wiesbaden-Biebrich"]
[Date "2023.08.26"]
[Round "5.72"]
[White "Eckert, Michael"]
[Black "Schmid, Leon"]
[Result "1-0"]
[WhiteElo "1570"]
[BlackElo "1623"]
[PlyCount "45"]
[EventDate "2023.??.??"]
[WhiteTeam "SK Herborn 1946"]
[BlackTeam "Sfr.Heidesheim"]

1. c4 Nf6 2. Nc3 g6 3. g3 Bg7 4. Bg2 O-O 5. b4 e5 6. Nf3 d6 7. Rb1 Bf5 8. d3 Qc8 9. a4 e4 10. dxe4 Nxe4 11. Nxe4 Bxe4 12. Rb3 Nc6 13. O-O h6 14. Bb2 Qe6 15. Bxg7 Kxg7 16. Qa1+ Kh7 17. Qc3 Ne7 18. Nd4 Nd5 19. Nxe6 Nxc3 20. Nxf8+ Kg8 21. Rxc3 Bxg2 22. Kxg2 Kxf8 23. e4 1-0

[Event "32.Schlosspark-Open"]
[Site "Wiesbaden-Biebrich"]
[Date "2023.08.26"]
[Round "5.73"]
[White "Maibaum, Harry"]
[Black "Stegner, Marco"]
[Result "0-1"]
[WhiteElo "1496"]
[BlackElo "1824"]
[PlyCount "42"]
[EventDate "2023.??.??"]
[WhiteTeam "Sfr.Heimersheim"]
[BlackTeam "SC Landskrone"]

1. c4 g6 2. g3 Bg7 3. Bg2 e5 4. Nc3 f5 5. e3 Nf6 6. Nge2 O-O 7. O-O c6 8. d3 d5 9. f4 e4 10. dxe4 dxe4 11. b3 Qe7 12. Qc2 Na6 13. a3 Nc5 14. Bd2 Rd8 15. Rfd1 Be6 16. Bf1 Rd7 17. Nd4 Bf7 18. Be1 Ng4 19. Qc1 Bxd4 20. exd4 Nxb3 21. Qb2 Nxa1 0-1

[Event "32.Schlosspark-Open"]
[Site "Wiesbaden-Biebrich"]
[Date "2023.08.26"]
[Round "5.74"]
[White "Ivkin, Michael"]
[Black "Will, Elina"]
[Result "1-0"]
[WhiteElo "1818"]
[BlackElo "1295"]
[PlyCount "87"]
[EventDate "2023.??.??"]
[WhiteTeam "Hamburg"]
[BlackTeam "TuS Makkabi Wiesbaden"]

1. d4 Nf6 2. Nf3 d5 3. e3 Bf5 4. Nh4 Bg6 5. Nxg6 hxg6 6. Nd2 e6 7. c4 Nbd7 8. Nf3 c6 9. Qb3 Qb6 10. Qxb6 Nxb6 11. c5 Nbd7 12. b4 Be7 13. Bd3 O-O-O 14. a4 Kc7 15. Ng5 Rdf8 16. b5 Ng4 17. Nf3 Rb8 18. h3 Nh6 19. O-O g5 20. e4 g6 21. Nxg5 Bf6 22. e5 Be7 23. f4 Bxg5 24. fxg5 Nf5 25. Bxf5 gxf5 26. Bd2 Rbc8 27. Kf2 Kb8 28. Kf3 Rh4 29. Bf4 Nf8 30. Rh1 Ng6 31. g3 Rh7 32. h4 Nxf4 33. Kxf4 Kc7 34. h5 Rg8 35. h6 Kd7 36. Rab1 Rc8 37. g4 fxg4 38. Kxg4 Rg8 39. Kh5 Rhh8 40. Rhf1 Rh7 41. Rf6 Rgh8 42. Rbf1 Ke7 43. bxc6 bxc6 44. Rb1 1-0

[Event "32.Schlosspark-Open"]
[Site "Wiesbaden-Biebrich"]
[Date "2023.08.26"]
[Round "5.75"]
[White "Dohmes, Swidbert"]
[Black "Bresslauer, Stefan"]
[Result "0-1"]
[WhiteElo "1733"]
[BlackElo "1493"]
[PlyCount "48"]
[EventDate "2023.??.??"]
[WhiteTeam "SV 1920 Hofheim"]
[BlackTeam "SVG Eppstein 1932"]

1. e4 e6 2. d4 d5 3. exd5 exd5 4. Bd3 Bd6 5. Ne2 Ne7 6. O-O O-O 7. h3 Re8 8. Nd2 Nd7 9. Nf3 Nf8 10. Bg5 f6 11. Bf4 Neg6 12. Qd2 Rxe2 13. Bxe2 Nxf4 14. Rfe1 Bf5 15. Nh4 Bd7 16. Bf1 c6 17. c4 N4g6 18. Nf3 Bf4 19. Qc2 Qc8 20. c5 Bf5 21. Bd3 Bxh3 22. gxh3 Qxh3 23. Qd1 Nh4 24. Be2 Qg2# 0-1

[Event "32.Schlosspark-Open"]
[Site "Wiesbaden-Biebrich"]
[Date "2023.08.26"]
[Round "5.76"]
[White "Faßler, Felix"]
[Black "Busch, Günther"]
[Result "1-0"]
[WhiteElo "1596"]
[BlackElo "1492"]
[PlyCount "93"]
[EventDate "2023.??.??"]
[WhiteTeam "SC Fulda"]
[BlackTeam "Sfr Stiller Zug Wiesbaden"]

1. e4 d6 2. d4 g6 3. Nc3 Bg7 4. Be3 a6 5. Qd2 e6 6. a4 b6 7. Bc4 Bb7 8. Nge2 Nd7 9. O-O Ne7 10. Bb3 O-O 11. Rae1 Nf6 12. f3 Kh8 13. Bh6 Nfg8 14. Bxg7+ Kxg7 15. f4 d5 16. Ng3 c5 17. f5 dxe4 18. fxe6 Qxd4+ 19. Qxd4+ cxd4 20. Ncxe4 Bd5 21. Bxd5 Nxd5 22. Rxf7+ Rxf7 23. exf7 Kxf7 24. Ng5+ Kg7 25. Ne6+ Kh6 26. Nxd4 Ngf6 27. Re6 Rb8 28. c4 Rf8 29. cxd5 Nxd5 30. Rd6 Nb4 31. Rxb6 Nd3 32. h3 Nc5 33. b3 Rf7 34. Ne6 Rf6 35. b4 Nxa4 36. Rxa6 Nc3 37. Nc5 Rf8 38. Nge4 Nb5 39. Ra5 Rb8 40. Ra1 Rd8 41. Rb1 Rd4 42. Kf2 Na3 43. Rb3 Nb5 44. Ke3 Rc4 45. Na4 Rc1 46. Nac3 Nc7 47. b5 1-0

[Event "32.Schlosspark-Open"]
[Site "Wiesbaden-Biebrich"]
[Date "2023.08.26"]
[Round "5.77"]
[White "Hübner, Kai"]
[Black "Herrmann, Gerhard"]
[Result "1-0"]
[WhiteElo "1591"]
[BlackElo "1477"]
[PlyCount "63"]
[EventDate "2023.??.??"]
[WhiteTeam "SC Flörsheim 1921"]
[BlackTeam "SC Königsspringer Alzenau e.V"]

1. d4 d5 2. Bf4 e6 3. e3 Nf6 4. Bd3 Be7 5. Nd2 b6 6. Qe2 O-O 7. Ngf3 Bb7 8. h4 Nbd7 9. c3 Ne4 10. Ng5 Ndf6 11. Qf3 Nxd2 12. Kxd2 h6 13. Rag1 c5 14. Re1 cxd4 15. exd4 Bd6 16. Bxd6 Qxd6 17. Re5 a5 18. Qe2 a4 19. a3 Qd8 20. Kc1 Qc8 21. Bb1 Ba6 22. Qc2 hxg5 23. hxg5 Ne4 24. f3 g6 25. fxe4 Kg7 26. Qf2 Qd8 27. exd5 exd5 28. Ba2 Bc4 29. Bxc4 dxc4 30. Qf3 Re8 31. Rxe8 Qxe8 32. Qf6+ 1-0

[Event "32.Schlosspark-Open"]
[Site "Wiesbaden-Biebrich"]
[Date "2023.08.26"]
[Round "5.78"]
[White "Machwirth, Ernst"]
[Black "Rotärmel, Leonie"]
[Result "1-0"]
[WhiteElo "1410"]
[BlackElo "1489"]
[PlyCount "105"]
[EventDate "2023.??.??"]
[WhiteTeam "Sfr Stiller Zug Wiesbaden"]
[BlackTeam "SK Bad Homburg 1927"]

1. e4 c6 2. Nc3 d5 3. d4 dxe4 4. Nxe4 Bf5 5. Ng3 Bg6 6. Nf3 Nd7 7. Bd3 Bxd3 8. Qxd3 e6 9. O-O Ngf6 10. c3 Bd6 11. h3 Qc7 12. Ne4 Nxe4 13. Qxe4 Nf6 14. Qe2 h6 15. Nd2 Nd5 16. Ne4 Bf4 17. g3 Bxc1 18. Raxc1 O-O-O 19. Nc5 h5 20. Qf3 h4 21. g4 Rh6 22. Nd3 Rf6 23. Qg2 Nf4 24. Nxf4 Qxf4 25. Rc2 e5 26. Re1 exd4 27. cxd4 Qxd4 28. Rce2 Qd5 29. Qxd5 cxd5 30. Rd1 Re6 31. Red2 Red6 32. Rd4 R8d7 33. f4 f6 34. f5 Kc7 35. b4 b6 36. b5 Kb7 37. Kf2 a6 38. a4 axb5 39. axb5 Kc7 40. Kf3 Kd8 41. Kf4 Kc7 42. g5 Rd8 43. Kg4 Rh8 44. g6 Rd7 45. Rxd5 Rxd5 46. Rxd5 Rd8 47. Rxd8 Kxd8 48. Kxh4 Ke8 49. Kg4 Ke7 50. Kf4 Kf8 51. Ke4 Ke7 52. Kd5 Kd7 53. h4 1-0

[Event "32.Schlosspark-Open"]
[Site "Wiesbaden-Biebrich"]
[Date "2023.08.26"]
[Round "5.79"]
[White "Goodwin, David"]
[Black "Reiß, Peter"]
[Result "1/2-1/2"]
[WhiteElo "1467"]
[BlackElo "1594"]
[PlyCount "58"]
[EventDate "2023.??.??"]
[WhiteTeam "SV 1920 Kelsterbach"]
[BlackTeam "SV Multatuli Ingelheim e.V."]

1. Nf3 c5 2. g3 Nc6 3. Bg2 g6 4. d3 Bg7 5. a3 e6 6. Nbd2 d5 7. Rb1 Bd7 8. O-O Nf6 9. Re1 O-O 10. e4 dxe4 11. Nxe4 Nxe4 12. dxe4 Rc8 13. Be3 b6 14. Qd2 Ne5 15. Nxe5 Bxe5 16. f4 Bg7 17. Red1 Bc6 18. Qe2 Qc7 19. Bf2 Rfd8 20. c3 Rxd1+ 21. Qxd1 Rd8 22. Qe2 Qd7 23. Qf1 Qd3 24. Qxd3 Rxd3 25. e5 Bxg2 26. Kxg2 f6 27. exf6 Bxf6 28. Kf1 Kf7 29. Ke2 Rd5 1/2-1/2

[Event "32.Schlosspark-Open"]
[Site "Wiesbaden-Biebrich"]
[Date "2023.08.26"]
[Round "5.80"]
[White "Bartsch, Marius"]
[Black "Henzelmann, Matthias"]
[Result "0-1"]
[WhiteElo "1591"]
[BlackElo "1443"]
[PlyCount "137"]
[EventDate "2023.??.??"]
[WhiteTeam "Wiesbadener SV 1885"]
[BlackTeam "SC Heuchelheim"]

1. e4 c5 2. Nc3 e6 3. g3 d5 4. exd5 exd5 5. Bg2 Nf6 6. d3 h6 7. Nge2 Nc6 8. O-O Be7 9. Nf4 d4 10. Ncd5 Nxd5 11. Nxd5 O-O 12. Nxe7+ Qxe7 13. Bd2 Bd7 14. Re1 Qf6 15. Qh5 b6 16. Re2 Rac8 17. Rae1 Rfe8 18. a3 a5 19. Rxe8+ Rxe8 20. Rxe8+ Bxe8 21. Qd5 Qe5 22. Qxe5 Nxe5 23. Bf4 f6 24. Bd5+ Bf7 25. Bxf7+ Kxf7 26. Kg2 g5 27. Bd2 Ke6 28. f4 Nc6 29. Kf3 gxf4 30. Bxf4 Ne5+ 31. Bxe5 fxe5 32. Ke4 b5 33. b3 a4 34. bxa4 bxa4 35. g4 Kd6 36. h4 Ke6 37. g5 h5 38. g6 Kf6 39. g7 Kxg7 40. Kxe5 Kg6 41. Ke6 Kg7 42. Kf5 Kf7 43. Kg5 Ke6 44. Kxh5 Kf5 45. Kh6 Kf4 46. Kg6 Ke3 47. h5 Kd2 48. Kf5 Kxc2 49. Ke4 Kb3 50. h6 Kxa3 51. h7 Kb2 52. h8=Q a3 53. Qb8+ Kc3 54. Qb1 c4 55. Qc1+ Kb3 56. Qxc4+ Kb2 57. Qxd4+ Kb1 58. Qb4+ Ka2 59. d4 Ka1 60. Qxa3+ Kb1 61. d5 Kc2 62. Kd4 Kb1 63. Qh3 Kc2 64. d6 Kb1 65. Qg2 Kc1 66. Kd3 Kb1 67. Kc3 Ka1 68. Kb3 Kb1 69. Qf1# 0-1

[Event "32.Schlosspark-Open"]
[Site "Wiesbaden-Biebrich"]
[Date "2023.08.26"]
[Round "5.81"]
[White "Fang, Borui"]
[Black "Strache, Rolf"]
[Result "1-0"]
[WhiteElo "1415"]
[BlackElo "1575"]
[PlyCount "83"]
[EventDate "2023.??.??"]
[WhiteTeam "SV Oberursel"]
[BlackTeam "SK Herborn 1946"]

1. e4 c5 2. Nf3 d6 3. Nc3 Nc6 4. g3 Nf6 5. Bg2 g6 6. O-O Bg7 7. Re1 O-O 8. d4 cxd4 9. Nxd4 Nxd4 10. Qxd4 Nd7 11. Qd1 Ne5 12. Rb1 Be6 13. Nd5 Rc8 14. f4 Nc4 15. b3 Nb6 16. c4 Nd7 17. Bb2 f6 18. f5 Bf7 19. Nf4 Ne5 20. Qe2 Qa5 21. Bh3 g5 22. Nd5 Rfe8 23. Bc3 Qc5+ 24. Kh1 h5 25. Rbd1 g4 26. Bg2 Bh6 27. Bd4 Qa5 28. Bc3 Qc5 29. Bb4 Qc6 30. Qf2 b6 31. a4 Bg5 32. a5 bxa5 33. Qxa7 Kf8 34. Bxa5 Qd7 35. Qxd7 Nxd7 36. Nc7 Red8 37. Ne6+ Bxe6 38. fxe6 Nc5 39. Bxd8 Rxd8 40. e5 fxe5 41. Rxe5 Nd3 42. Rf5+ 1-0

[Event "32.Schlosspark-Open"]
[Site "Wiesbaden-Biebrich"]
[Date "2023.08.26"]
[Round "5.82"]
[White "Spreer, Lutz"]
[Black "Joshi, Kanad"]
[Result "1/2-1/2"]
[WhiteElo "1560"]
[BlackElo "1370"]
[PlyCount "104"]
[EventDate "2023.??.??"]
[WhiteTeam "Erster Burgstädter SK 19"]
[BlackTeam "SV Oberursel"]

1. e4 c6 2. Nc3 d5 3. Nf3 dxe4 4. Nxe4 Bf5 5. Ng3 Bg6 6. Bc4 Nf6 7. h4 h5 8. Ne5 Qd6 9. d4 Nbd7 10. Nxg6 fxg6 11. Qd3 O-O-O 12. O-O Nb6 13. Be3 Ng4 14. Rfe1 Nxe3 15. Rxe3 Qxd4 16. Be6+ Kb8 17. Qb3 Nd5 18. Bxd5 Rxd5 19. Rd3 Qc5 20. Rad1 e6 21. R1d2 Be7 22. Re2 Qd6 23. Ne4 Qf4 24. g3 Qc7 25. Nc3 Rxd3 26. cxd3 e5 27. Qe6 Bf6 28. Rc2 Qe7 29. Qc4 Rd8 30. Ne4 Rd4 31. Qg8+ Rd8 32. Qb3 Rd5 33. Rxc6 Rxd3 34. Nc3 Qd7 35. Re6 Rd6 36. Rxd6 Qxd6 37. Qg8+ Qd8 38. Qf7 Qd2 39. Qxg6 Qxb2 40. Qe8+ Kc7 41. Nd5+ Kd6 42. Qf7 Qb1+ 43. Kh2 Qc2 44. Nxf6 Qxf2+ 45. Kh3 Qxf6 46. Qxh5 Qe6+ 47. g4 b5 48. Qh8 Qd7 49. Qb8+ Ke6 50. Qg8+ Qf7 51. Qc8+ Qd7 52. Qg8+ Qf7 1/2-1/2

[Event "32.Schlosspark-Open"]
[Site "Wiesbaden-Biebrich"]
[Date "2023.08.26"]
[Round "5.83"]
[White "Heitmann, Dirk"]
[Black "Simons, Manfred"]
[Result "1-0"]
[WhiteElo "1554"]
[BlackElo "1208"]
[PlyCount "77"]
[EventDate "2023.??.??"]
[WhiteTeam "SVG Eppstein 1932"]
[BlackTeam "SV Frankfurt Nord 1926"]

1. Nf3 d5 2. d4 Nf6 3. g3 Nc6 4. Bg2 e6 5. O-O Be7 6. c4 O-O 7. Nc3 a6 8. b3 Rb8 9. e3 b5 10. cxd5 exd5 11. Bb2 Na7 12. Qc2 g6 13. Rac1 Bf5 14. Qe2 Re8 15. Ne5 c5 16. dxc5 Rc8 17. Rfd1 Be6 18. b4 Nc6 19. Nxc6 Rxc6 20. e4 d4 21. e5 Bc4 22. Qe1 Re6 23. Bh3 Rc6 24. exf6 Bxf6 25. Qd2 Bg5 26. f4 Bf6 27. Bf1 dxc3 28. Qxd8 Rxd8 29. Rxd8+ Bxd8 30. Bxc3 Bxa2 31. Bg2 Re6 32. c6 Bb6+ 33. Kh1 Bc7 34. Be5 Bxe5 35. fxe5 Bc4 36. c7 Re8 37. Rd1 Kg7 38. Rd8 Rxe5 39. h4 1-0

[Event "32.Schlosspark-Open"]
[Site "Wiesbaden-Biebrich"]
[Date "2023.08.26"]
[Round "5.86"]
[White "Manasek, Martin"]
[Black "Hellmann, Alexander"]
[Result "1-0"]
[WhiteElo "1519"]
[BlackElo "1156"]
[PlyCount "101"]
[EventDate "2023.??.??"]
[WhiteTeam "SC Flörsheim 1921"]
[BlackTeam "SJ Herborn 1998"]

1. d4 d5 2. Nf3 Nf6 3. c4 c6 4. Nc3 Bf5 5. e3 e6 6. Be2 Nbd7 7. O-O Be7 8. cxd5 Nxd5 9. Nxd5 cxd5 10. Bb5 O-O 11. Bd3 Bg4 12. a3 Rc8 13. h3 Bh5 14. g4 Bg6 15. Bxg6 fxg6 16. Ne1 Rf7 17. Nd3 Nf6 18. f3 Qc7 19. Kg2 h5 20. Ne5 h4 21. Bd2 Rff8 22. Be1 g5 23. Bf2 Nd7 24. Nxd7 Qxd7 25. Rc1 Rxc1 26. Qxc1 Rc8 27. Qb1 Qe8 28. e4 Qf7 29. Qd3 Qg6 30. Qe2 dxe4 31. fxe4 Qe8 32. d5 exd5 33. exd5 Bd6 34. Qf3 Qe5 35. Bg1 Rc2+ 36. Rf2 Rxf2+ 37. Qxf2 Qg3+ 38. Qxg3 Bxg3 39. Bxa7 Bf4 40. Bc5 Kf7 41. Kf3 Kf6 42. Ke4 b5 43. b3 Bc1 44. a4 bxa4 45. bxa4 Bf4 46. a5 Bb8 47. a6 g6 48. a7 Bxa7 49. Bxa7 Ke7 50. Ke5 Kf7 51. Be3 1-0

[Event "32.Schlosspark-Open"]
[Site "Wiesbaden-Biebrich"]
[Date "2023.08.26"]
[Round "5.87"]
[White "Meuer, Stephan"]
[Black "Barth, Horst"]
[Result "1/2-1/2"]
[WhiteElo "1268"]
[BlackElo "1242"]
[PlyCount "55"]
[EventDate "2023.??.??"]
[WhiteTeam "SV Turm Lahnstein"]
[BlackTeam "Sfr.Mainz 1928"]

1. e4 c5 2. c3 a6 3. d4 cxd4 4. cxd4 e6 5. a3 Nc6 6. Nf3 Nge7 7. Bd3 g6 8. Nc3 Bg7 9. Be3 O-O 10. O-O d6 11. Bc2 b5 12. b4 Bb7 13. Re1 d5 14. e5 f6 15. Bf4 Rc8 16. Ne2 Qd7 17. Bb3 Rf7 18. Rc1 g5 19. Bg3 Bh6 20. Rc2 f5 21. h3 Kh8 22. Bh2 Rg8 23. Rc3 Rfg7 24. Nd2 Qe8 25. Kh1 g4 26. h4 Qf7 27. g3 Ng6 28. Nf1 1/2-1/2

[Event "32.Schlosspark-Open"]
[Site "Wiesbaden-Biebrich"]
[Date "2023.08.26"]
[Round "5.88"]
[White "Hafner, Hans-Peter"]
[Black "Fleck, Peter"]
[Result "1/2-1/2"]
[WhiteElo "1155"]
[BlackElo "1240"]
[PlyCount "73"]
[EventDate "2023.??.??"]
[WhiteTeam "Sfr.Mainz 1928"]
[BlackTeam "SC Flörsheim 1921"]

1. e4 c6 2. d4 d5 3. e5 Bf5 4. Nf3 e6 5. c4 Nd7 6. Nc3 Bb4 7. Bd2 Bxc3 8. Bxc3 Ne7 9. c5 b6 10. b4 a5 11. b5 bxc5 12. bxc6 Nxc6 13. Bb5 Na7 14. Bxd7+ Qxd7 15. O-O c4 16. Qd2 Nc6 17. Nh4 Bd3 18. Rfe1 O-O 19. Re3 Rfb8 20. Rg3 h6 21. Qxh6 g6 22. f4 Ne7 23. Rg5 Rb1+ 24. Rxb1 Bxb1 25. Nf3 Qa4 26. h4 Qd1+ 27. Be1 c3 28. h5 c2 29. hxg6 fxg6 30. Rxg6+ Nxg6 31. Qxg6+ Kf8 32. Qf6+ Ke8 33. Qxe6+ Kf8 34. Qf6+ Ke8 35. Qe6+ Kd8 36. Qd6+ Kc8 37. Qc6+ 1/2-1/2

[Event "32.Schlosspark-Open"]
[Site "Wiesbaden-Biebrich"]
[Date "2023.08.26"]
[Round "5.90"]
[White "Stojanoski, Stefan"]
[Black "Knappe, Stefan"]
[Result "1-0"]
[WhiteElo "1162"]
[BlackElo "1230"]
[PlyCount "69"]
[EventDate "2023.??.??"]
[WhiteTeam "SAbt TuS Makkabi Ffm"]
[BlackTeam "SG Aufbau Elbe Magdeburg"]

1. e4 d6 2. d4 Nf6 3. Nc3 Bg4 4. Nf3 Nbd7 5. Bc4 e5 6. h3 Bh5 7. Be3 Bg6 8. Bg5 Be7 9. Qe2 c6 10. dxe5 Nxe5 11. Nxe5 dxe5 12. O-O O-O 13. Rad1 Qc7 14. Rd2 Bh5 15. Qe3 Qb6 16. Qxb6 axb6 17. Bxf6 gxf6 18. Rd7 Bb4 19. Rxb7 b5 20. Bb3 Rad8 21. a3 Bxc3 22. bxc3 Kh8 23. Rc7 Rd6 24. a4 bxa4 25. Bxa4 Rg8 26. g3 Bf3 27. Rxc6 Rxc6 28. Bxc6 f5 29. Bd5 Kg7 30. Re1 Kf6 31. Re3 Bd1 32. exf5 Kxf5 33. Bxf7 Rf8 34. Ba2 Bxc2 35. Rf3+ 1-0